000 00281nam a2200109 a 4500
005 20201002045507.0
008 141209s2001 000 spa d
020 _a9803292927
245 0 _aLeyendas del Táchira II.
260 _aSan Cristóbal, Venezuela,
_c2001.
999 _c44093
_d44093
040 _aDO-SdBNP